Common Commercial Aircraft by Cockpit - Statistics

General Stats
  • This quiz has been taken 36 times
    34 since last reset
  • The average score is 7 of 12
Answer Stats
Picture Answer % Correct
b747
81%
a380
77%
a320
74%
a350
71%
b737
68%
b787
68%
b777
65%
b767
61%
e175
52%
a220
42%
b717
42%
crj-900
35%
No matching quizzes found
Score Distribution
Percent of People with Each Score
Percentile by Number Answered
Your Score History
You have not taken this quiz since the last reset